Countries that speak Arabic - Statistics

General Stats
  • This quiz has been taken 1,075 times
  • The average score is 20 of 24
Answer Stats
Population Answer % Correct
79,089,650 Egypt
97%
25,731,776 Saudi Arabia
97%
31,234,000 Iraq
95%
23,580,000 Yemen
95%
2,845,000 Oman
94%
34,895,000 Algeria
93%
22,505,000 Syria
93%
32,200,000 Morocco
91%
6,420,000 Libya
90%
10,432,500 Tunisia
90%
4,975,593 United Arab Emirates
90%
6,407,085 Jordan
89%
4,224,000 Lebanon
89%
3,566,437 Kuwait
88%
1,696,563 Qatar
88%
807,000 Bahrain
87%
43,939,598 Sudan
87%
9,359,000 Somalia
83%
7,653,600 Israel
75%
10,329,208 Chad
74%
3,291,000 Mauritania
73%
864,000 Djibouti
69%
5,224,000 Eritrea
64%
691,000 Comoros
51%
No matching quizzes found
Score Distribution
Percent of People with Each Score
Percentile by Number Answered
Your Score History
You have not taken this quiz